| 000 | 00616nam a2200181 i 4500 | ||
|---|---|---|---|
| 001 | 70456 | ||
| 003 | ES-MaACL | ||
| 005 | 20250808081320.0 | ||
| 007 | t| | ||
| 008 | 040726s1961 sp ||||1| spa d | ||
| 100 | 1 |
_aGarcía-Trevijano Fos, José Antonio. _955343 |
|
| 245 | 1 | 0 |
_aCurso de Derecho Administrativo / _cJosé Antonio García-Trevijano Fos. |
| 260 |
_aSalamanca : _bS.E.U., _c1961 ( _fGráf. Librería Cervantes) |
||
| 300 |
_av. <1, pte. 1> (362 p.) . ; _c24 cm. |
||
| 650 | 7 |
_aDerecho administrativo- _zEspaña _2 _9145992 |
|
| 852 |
_aES-MaACL _jP-705-bis _bR.47900 |
||
| 999 |
_c70456 _d70456 |
||